[Event "DEM U16 2021"]
[Site "Willingen GER"]
[Date "2021.08.25"]
[Round "4"]
[White "Weihrauch, Jakob"]
[Black "Haack, Kevin"]
[Result "1/2-1/2"]
[Termination "normal"]
[Board "3"]
[WhiteElo "2137"]
[BlackElo "2076"]
[WhiteClock "00:02:40"]
[BlackClock "00:09:27"]
[PlyCount "108"]
[WhiteFideId "16210115"]
[BlackFideId "16228715"]
[EventCountry "GER"]
[EventRounds "9"]
[EventType "swiss"]
[EventDate "2021.08.22"]

1. e4 {[%clk 1:30:59]} c6 {[%clk 1:30:55]} 2. Nc3 {[%clk 1:31:11]} d5 {[%clk
1:31:22]} 3. Nf3 {[%clk 1:31:34]} Bg4 {[%clk 1:31:46]} 4. h3 {[%clk 1:31:48]}
Bxf3 {[%clk 1:32:09]} 5. Qxf3 {[%clk 1:32:13]} e6 {[%clk 1:32:06]} 6. Be2
{[%clk 1:32:08]} Bc5 {[%clk 1:32:31]} 7. O-O {[%clk 1:22:30]} Nd7 {[%clk
1:32:58]} 8. Qf4 {[%clk 1:18:49]} Ne7 {[%clk 1:27:33]} 9. d4 {[%clk 0:51:01]}
Bxd4 {[%clk 1:25:47]} 10. exd5 {[%clk 0:51:22]} Be5 {[%clk 1:21:18]} 11. Qb4
{[%clk 0:47:50]} a5 {[%clk 1:12:55]} 12. Qg4 {[%clk 0:46:07]} exd5 {[%clk
1:10:17]} 13. Bd3 {[%clk 0:41:43]} O-O {[%clk 0:59:07]} 14. Bg5 {[%clk
0:39:33]} Nf6 {[%clk 0:48:32]} 15. Qe2 {[%clk 0:37:00]} Bc7 {[%clk 0:48:45]}
16. Rfe1 {[%clk 0:32:40]} Qd6 {[%clk 0:44:57]} 17. g3 {[%clk 0:25:09]} Rfe8
{[%clk 0:44:13]} 18. Qf3 {[%clk 0:22:00]} Ng6 {[%clk 0:43:44]} 19. Bxf6 {[%clk
0:14:18]} Qxf6 {[%clk 0:43:56]} 20. Qxf6 {[%clk 0:14:37]} gxf6 {[%clk 0:44:21]}
21. f4 {[%clk 0:14:39]} b5 {[%clk 0:43:18]} 22. Kg2 {[%clk 0:09:38]} a4 {[%clk
0:42:37]} 23. Bf5 {[%clk 0:09:17]} Nf8 {[%clk 0:38:33]} 24. b4 {[%clk 0:06:41]}
Ne6 {[%clk 0:34:10]} 25. Ne2 {[%clk 0:06:11]} Bb6 {[%clk 0:31:19]} 26. Rad1
{[%clk 0:05:37]} Rad8 {[%clk 0:31:09]} 27. c3 {[%clk 0:05:05]} Ng7 {[%clk
0:31:27]} 28. Bc2 {[%clk 0:03:55]} Re3 {[%clk 0:30:16]} 29. Bd3 {[%clk
0:02:36]} Rde8 {[%clk 0:30:13]} 30. g4 {[%clk 0:01:23]} Bc7 {[%clk 0:28:05]}
31. Kf2 {[%clk 0:01:28]} Rxh3 {[%clk 0:25:56]} 32. Nd4 {[%clk 0:01:53]} Bxf4
{[%clk 0:20:26]} 33. Nxc6 {[%clk 0:00:47]} Ne6 {[%clk 0:15:28]} 34. Kg2 {[%clk
0:00:41]} Rh2+ {[%clk 0:10:32]} 35. Kg1 {[%clk 0:01:06]} Ra8 {[%clk 0:09:47]}
36. Ne7+ {[%clk 0:00:57]} Kg7 {[%clk 0:09:08]} 37. Nxd5 {[%clk 0:01:26]} Rxa2
{[%clk 0:07:44]} 38. Bxb5 {[%clk 0:01:33]} Ng5 {[%clk 0:07:09]} 39. Nxf4 {[%clk
0:00:56]} Nf3+ {[%clk 0:07:34]} 40. Kf1 {[%clk 0:01:20]} Nh2+ {[%clk 0:08:02]}
41. Kg1 {[%clk 0:01:43]} Nf3+ {[%clk 0:06:25]} 42. Kf1 {[%clk 0:02:12]} Nxe1
{[%clk 0:27:48]} 43. Rxe1 {[%clk 0:31:31]} a3 {[%clk 0:27:46]} 44. Bc6 {[%clk
0:17:01]} Rc8 {[%clk 0:25:00]} 45. b5 {[%clk 0:15:46]} Rb2 {[%clk 0:24:10]} 46.
Nd5 {[%clk 0:14:09]} a2 {[%clk 0:13:50]} 47. Nb4 {[%clk 0:14:31]} Rb8 {[%clk
0:14:07]} 48. Rc1 {[%clk 0:06:20]} Kh6 {[%clk 0:12:07]} 49. Nxa2 {[%clk
0:04:48]} Rxa2 {[%clk 0:12:31]} 50. c4 {[%clk 0:05:15]} Rb2 {[%clk 0:11:01]}
51. c5 {[%clk 0:04:11]} Kg5 {[%clk 0:11:23]} 52. b6 {[%clk 0:01:58]} Kxg4
{[%clk 0:11:02]} 53. Bd7+ {[%clk 0:02:24]} Kg5 {[%clk 0:09:42]} 54. c6 {[%clk
0:02:40]} R2xb6 {[%clk 0:09:27]} 1/2-1/2

[Event "DEM U16 2021"]
[Site "Willingen GER"]
[Date "2021.08.25"]
[Round "4"]
[White "Eilenberg, Jonas"]
[Black "Milare, Tyron"]
[Result "0-1"]
[Termination "normal"]
[Board "4"]
[WhiteElo "2087"]
[BlackElo "2161"]
[WhiteClock "00:05:17"]
[BlackClock "00:43:18"]
[PlyCount "104"]
[WhiteFideId "16204271"]
[BlackFideId "12987018"]
[EventCountry "GER"]
[EventRounds "9"]
[EventType "swiss"]
[EventDate "2021.08.22"]

1. Nf3 {[%clk 1:30:56]} Nf6 {[%clk 1:29:35]} 2. c4 {[%clk 1:30:35]} e6 {[%clk
1:29:44]} 3. Nc3 {[%clk 1:30:49]} d5 {[%clk 1:29:58]} 4. e3 {[%clk 1:30:53]}
Be7 {[%clk 1:28:18]} 5. b3 {[%clk 1:29:52]} c5 {[%clk 1:20:06]} 6. Bb2 {[%clk
1:20:22]} Nc6 {[%clk 1:09:50]} 7. cxd5 {[%clk 1:08:39]} exd5 {[%clk 1:09:59]}
8. d4 {[%clk 1:08:52]} cxd4 {[%clk 1:00:19]} 9. Nxd4 {[%clk 1:06:25]} Qb6
{[%clk 1:00:40]} 10. Be2 {[%clk 0:58:56]} O-O {[%clk 0:57:15]} 11. O-O {[%clk
0:53:47]} Nxd4 {[%clk 0:57:29]} 12. Qxd4 {[%clk 0:52:08]} Qxd4 {[%clk 0:54:52]}
13. exd4 {[%clk 0:52:22]} Be6 {[%clk 0:52:56]} 14. Bf3 {[%clk 0:51:03]} Rac8
{[%clk 0:52:53]} 15. Rac1 {[%clk 0:50:16]} Bb4 {[%clk 0:50:56]} 16. Nb1 {[%clk
0:47:44]} Bf5 {[%clk 0:49:01]} 17. Nc3 {[%clk 0:40:04]} Bxc3 {[%clk 0:44:13]}
18. Bxc3 {[%clk 0:40:26]} Bg4 {[%clk 0:44:38]} 19. Bb4 {[%clk 0:36:47]} Rfe8
{[%clk 0:44:32]} 20. Bxg4 {[%clk 0:24:53]} Nxg4 {[%clk 0:44:42]} 21. f3 {[%clk
0:22:18]} Nh6 {[%clk 0:43:40]} 22. g4 {[%clk 0:21:21]} f5 {[%clk 0:41:19]} 23.
h3 {[%clk 0:20:58]} Nf7 {[%clk 0:41:07]} 24. Kf2 {[%clk 0:16:09]} Ng5 {[%clk
0:38:44]} 25. Rfe1 {[%clk 0:15:30]} Nxh3+ {[%clk 0:34:06]} 26. Kg3 {[%clk
0:15:44]} fxg4 {[%clk 0:34:21]} 27. Rxc8 {[%clk 0:11:12]} Rxc8 {[%clk 0:34:44]}
28. Re7 {[%clk 0:10:51]} Rc2 {[%clk 0:32:48]} 29. Rxb7 {[%clk 0:09:54]} Rxa2
{[%clk 0:32:54]} 30. Kxg4 {[%clk 0:10:07]} Ng1 {[%clk 0:31:40]} 31. Rb8+ {[%clk
0:07:22]} Kf7 {[%clk 0:32:02]} 32. f4 {[%clk 0:06:14]} g6 {[%clk 0:30:57]} 33.
Rb7+ {[%clk 0:05:23]} Kf6 {[%clk 0:30:57]} 34. f5 {[%clk 0:03:39]} h5+ {[%clk
0:28:56]} 35. Kf4 {[%clk 0:03:21]} g5+ {[%clk 0:29:06]} 36. Ke3 {[%clk
0:03:40]} Kxf5 {[%clk 0:29:22]} 37. Rd7 {[%clk 0:02:50]} Rb2 {[%clk 0:28:43]}
38. Rxd5+ {[%clk 0:02:30]} Kg4 {[%clk 0:29:05]} 39. Rc5 {[%clk 0:01:28]} h4
{[%clk 0:28:04]} 40. d5 {[%clk 0:01:49]} h3 {[%clk 0:28:09]} 41. d6 {[%clk
0:01:26]} Rxb3+ {[%clk 0:27:15]} 42. Kf2 {[%clk 0:01:18]} Rxb4 {[%clk 0:26:55]}
43. d7 {[%clk 0:01:29]} Rb2+ {[%clk 0:26:44]} 44. Ke3 {[%clk 0:28:35]} Rb3+
{[%clk 0:46:24]} 45. Ke4 {[%clk 0:18:42]} h2 {[%clk 0:46:36]} 46. Rxg5+ {[%clk
0:17:21]} Kh4 {[%clk 0:46:29]} 47. d8=Q {[%clk 0:08:05]} h1=Q+ {[%clk 0:46:44]}
48. Kd4 {[%clk 0:04:40]} Ne2+ {[%clk 0:42:41]} 49. Kc4 {[%clk 0:04:19]} Rc3+
{[%clk 0:43:05]} 50. Kb5 {[%clk 0:04:34]} Qc6+ {[%clk 0:43:03]} 51. Ka5 {[%clk
0:04:52]} Ra3+ {[%clk 0:42:53]} 52. Kb4 {[%clk 0:05:17]} Ra4+ {[%clk 0:43:18]}
0-1

[Event "DEM U16 2021"]
[Site "Willingen GER"]
[Date "2021.08.25"]
[Round "4"]
[White "Gallasch, Jonas"]
[Black "Müller, Magnus"]
[Result "1-0"]
[Termination "normal"]
[Board "5"]
[WhiteElo "2046"]
[BlackElo "2147"]
[WhiteClock "00:10:58"]
[BlackClock "00:10:25"]
[PlyCount "69"]
[WhiteFideId "16222474"]
[BlackFideId "16230060"]
[EventCountry "GER"]
[EventRounds "9"]
[EventType "swiss"]
[EventDate "2021.08.22"]

1. d4 {[%clk 1:30:57]} Nf6 {[%clk 1:30:49]} 2. c4 {[%clk 1:31:19]} e6 {[%clk
1:31:07]} 3. Nf3 {[%clk 1:31:42]} d5 {[%clk 1:31:24]} 4. Nc3 {[%clk 1:32:03]}
dxc4 {[%clk 1:31:40]} 5. e4 {[%clk 1:32:26]} b5 {[%clk 1:31:44]} 6. e5 {[%clk
1:32:48]} Nd5 {[%clk 1:32:08]} 7. Nxb5 {[%clk 1:33:13]} Nb6 {[%clk 1:32:32]} 8.
Nc3 {[%clk 1:33:25]} Nc6 {[%clk 1:27:41]} 9. Be2 {[%clk 1:33:28]} Be7 {[%clk
1:27:26]} 10. O-O {[%clk 1:33:20]} Bb7 {[%clk 1:23:36]} 11. Be3 {[%clk
1:33:08]} Qd7 {[%clk 1:21:17]} 12. Qb1 {[%clk 1:26:00]} h6 {[%clk 0:59:01]} 13.
Rd1 {[%clk 1:11:35]} Nb4 {[%clk 0:57:06]} 14. a3 {[%clk 1:06:11]} N4d5 {[%clk
0:56:36]} 15. Qa2 {[%clk 1:05:54]} Nxc3 {[%clk 0:51:43]} 16. bxc3 {[%clk
1:06:17]} Qa4 {[%clk 0:52:04]} 17. Nd2 {[%clk 0:54:03]} Bd5 {[%clk 0:47:04]}
18. Bf3 {[%clk 0:47:11]} Rb8 {[%clk 0:36:26]} 19. Bxd5 {[%clk 0:39:37]} exd5
{[%clk 0:36:29]} 20. f4 {[%clk 0:39:31]} f5 {[%clk 0:34:39]} 21. Kh1 {[%clk
0:33:57]} O-O {[%clk 0:33:57]} 22. Rg1 {[%clk 0:30:08]} Qa5 {[%clk 0:31:03]}
23. Nb1 {[%clk 0:21:43]} Na4 {[%clk 0:28:13]} 24. Qd2 {[%clk 0:21:51]} Rb3
{[%clk 0:23:28]} 25. g4 {[%clk 0:21:05]} Qb6 {[%clk 0:17:10]} 26. gxf5 {[%clk
0:18:46]} Rxf5 {[%clk 0:13:40]} 27. Qg2 {[%clk 0:18:11]} Bf8 {[%clk 0:13:30]}
28. Qxd5+ {[%clk 0:11:04]} Kh8 {[%clk 0:13:52]} 29. Qd7 {[%clk 0:11:00]} Rh5
{[%clk 0:11:32]} 30. Qf7 {[%clk 0:10:23]} Qb7+ {[%clk 0:09:58]} 31. d5 {[%clk
0:10:46]} Qa8 {[%clk 0:10:10]} 32. Qxh5 {[%clk 0:10:14]} Qxd5+ {[%clk 0:10:34]}
33. Rg2 {[%clk 0:10:39]} Qe4 {[%clk 0:10:28]} 34. Nd2 {[%clk 0:10:44]} Qxe3
{[%clk 0:10:25]} 35. Nxb3 {[%clk 0:10:58]} 1-0

[Event "DEM U16 2021"]
[Site "Willingen GER"]
[Date "2021.08.25"]
[Round "4"]
[White "Bethke, Richard"]
[Black "Klugstedt, Vincent C."]
[Result "1-0"]
[Termination "normal"]
[Board "6"]
[WhiteTitle "FM"]
[WhiteElo "2337"]
[BlackElo "1932"]
[WhiteClock "01:12:24"]
[BlackClock "00:59:21"]
[PlyCount "57"]
[WhiteFideId "12959243"]
[BlackFideId "16216393"]
[EventCountry "GER"]
[EventRounds "9"]
[EventType "swiss"]
[EventDate "2021.08.22"]

1. e4 {[%clk 1:30:57]} c5 {[%clk 1:30:54]} 2. Nf3 {[%clk 1:31:22]} Nc6 {[%clk
1:31:13]} 3. d4 {[%clk 1:31:48]} cxd4 {[%clk 1:31:36]} 4. Nxd4 {[%clk 1:32:13]}
g6 {[%clk 1:31:55]} 5. c4 {[%clk 1:32:39]} Bg7 {[%clk 1:31:43]} 6. Be3 {[%clk
1:33:03]} Nf6 {[%clk 1:31:57]} 7. Nc3 {[%clk 1:33:25]} O-O {[%clk 1:32:08]} 8.
Be2 {[%clk 1:33:48]} d6 {[%clk 1:31:50]} 9. f3 {[%clk 1:34:13]} Nxd4 {[%clk
1:31:54]} 10. Bxd4 {[%clk 1:34:38]} Be6 {[%clk 1:32:08]} 11. O-O {[%clk
1:34:40]} Qa5 {[%clk 1:31:09]} 12. Kh1 {[%clk 1:34:48]} Rac8 {[%clk 1:30:26]}
13. b3 {[%clk 1:34:37]} a6 {[%clk 1:30:06]} 14. f4 {[%clk 1:33:39]} b5 {[%clk
1:22:54]} 15. f5 {[%clk 1:32:29]} Bd7 {[%clk 1:22:18]} 16. Bxf6 {[%clk
1:24:35]} Bxf6 {[%clk 1:21:01]} 17. Nd5 {[%clk 1:24:53]} Bg5 {[%clk 1:21:11]}
18. f6 {[%clk 1:24:22]} exf6 {[%clk 1:13:12]} 19. Ne7+ {[%clk 1:23:53]} Kg7
{[%clk 1:13:30]} 20. Nxc8 {[%clk 1:24:16]} Rxc8 {[%clk 1:09:29]} 21. Qxd6
{[%clk 1:24:38]} Be6 {[%clk 1:09:17]} 22. e5 {[%clk 1:18:45]} b4 {[%clk
1:04:49]} 23. a3 {[%clk 1:13:44]} Rd8 {[%clk 1:01:25]} 24. Qe7 {[%clk 1:12:16]}
Rf8 {[%clk 0:59:17]} 25. exf6+ {[%clk 1:12:23]} Kg8 {[%clk 0:59:38]} 26. axb4
{[%clk 1:12:18]} Qb6 {[%clk 0:58:48]} 27. b5 {[%clk 1:11:42]} axb5 {[%clk
0:58:58]} 28. Qxf8+ {[%clk 1:11:58]} Kxf8 {[%clk 0:59:21]} 29. Ra8+ {[%clk
1:12:24]} 1-0

[Event "DEM U16 2021"]
[Site "Willingen GER"]
[Date "2021.08.25"]
[Round "4"]
[White "Ponomarev, Maximilian"]
[Black "Musiolik, David"]
[Result "0-1"]
[Termination "normal"]
[Board "7"]
[WhiteElo "1940"]
[BlackElo "2286"]
[WhiteClock "00:34:20"]
[BlackClock "00:27:49"]
[PlyCount "92"]
[WhiteFideId "16216768"]
[BlackFideId "12972355"]
[EventCountry "GER"]
[EventRounds "9"]
[EventType "swiss"]
[EventDate "2021.08.22"]

1. e4 {[%clk 1:30:52]} c6 {[%clk 1:30:54]} 2. d4 {[%clk 1:31:04]} d5 {[%clk
1:31:20]} 3. e5 {[%clk 1:31:06]} Bf5 {[%clk 1:31:39]} 4. h4 {[%clk 1:30:41]} h5
{[%clk 1:24:01]} 5. Bd3 {[%clk 1:30:20]} Bxd3 {[%clk 1:23:53]} 6. Qxd3 {[%clk
1:30:44]} e6 {[%clk 1:24:16]} 7. Nf3 {[%clk 1:30:09]} Nh6 {[%clk 1:23:54]} 8.
Nbd2 {[%clk 1:23:40]} Nd7 {[%clk 1:11:18]} 9. c4 {[%clk 1:20:16]} Nf5 {[%clk
1:03:33]} 10. g3 {[%clk 1:18:22]} dxc4 {[%clk 0:56:39]} 11. Nxc4 {[%clk
1:17:55]} Nb6 {[%clk 0:56:25]} 12. Ne3 {[%clk 1:13:09]} Nxe3 {[%clk 0:49:08]}
13. fxe3 {[%clk 1:11:00]} Qd7 {[%clk 0:40:17]} 14. O-O {[%clk 1:05:47]} Be7
{[%clk 0:35:16]} 15. b3 {[%clk 1:01:05]} O-O-O {[%clk 0:34:03]} 16. a4 {[%clk
1:00:26]} Nd5 {[%clk 0:32:09]} 17. Ba3 {[%clk 0:58:09]} Bxa3 {[%clk 0:30:37]}
18. Rxa3 {[%clk 0:58:34]} f6 {[%clk 0:30:34]} 19. Qd2 {[%clk 0:45:00]} Qe7
{[%clk 0:27:06]} 20. Raa1 {[%clk 0:42:07]} Qb4 {[%clk 0:25:11]} 21. Qxb4 {[%clk
0:40:21]} Nxb4 {[%clk 0:25:38]} 22. Rac1 {[%clk 0:40:11]} Rh6 {[%clk 0:24:42]}
23. Rc4 {[%clk 0:30:32]} Nd5 {[%clk 0:24:01]} 24. Re1 {[%clk 0:29:04]} Ne7
{[%clk 0:23:02]} 25. b4 {[%clk 0:27:45]} Rg6 {[%clk 0:22:39]} 26. Kf2 {[%clk
0:24:55]} Rf8 {[%clk 0:17:28]} 27. b5 {[%clk 0:16:33]} Kb8 {[%clk 0:06:22]} 28.
Rg1 {[%clk 0:14:04]} Rg4 {[%clk 0:04:12]} 29. Ke2 {[%clk 0:09:17]} cxb5 {[%clk
0:03:21]} 30. axb5 {[%clk 0:09:40]} Nf5 {[%clk 0:03:39]} 31. Kf2 {[%clk
0:06:20]} Ne7 {[%clk 0:04:01]} 32. Ke2 {[%clk 0:04:48]} Nf5 {[%clk 0:03:23]}
33. Kf2 {[%clk 0:05:13]} Re4 {[%clk 0:03:36]} 34. exf6 {[%clk 0:04:01]} Nxe3
{[%clk 0:02:37]} 35. fxg7 {[%clk 0:03:27]} Ng4+ {[%clk 0:02:03]} 36. Kg2 {[%clk
0:03:35]} Rg8 {[%clk 0:02:07]} 37. Rc5 {[%clk 0:03:25]} Re2+ {[%clk 0:02:02]}
38. Kh3 {[%clk 0:03:50]} Nf2+ {[%clk 0:02:18]} 39. Kg2 {[%clk 0:04:15]} Nd3+
{[%clk 0:02:36]} 40. Kh3 {[%clk 0:03:42]} Nxc5 {[%clk 0:02:59]} 41. dxc5 {[%clk
0:04:08]} Rxg7 {[%clk 0:03:12]} 42. Rd1 {[%clk 0:04:09]} Re3 {[%clk 0:02:08]}
43. Ng5 {[%clk 0:04:33]} Kc7 {[%clk 0:29:45]} 44. Rd6 {[%clk 0:33:51]} Re7
{[%clk 0:29:16]} 45. b6+ {[%clk 0:33:56]} axb6 {[%clk 0:28:29]} 46. Rxb6 {[%clk
0:34:20]} Re5 {[%clk 0:27:49]} 0-1

[Event "DEM U16 2021"]
[Site "Willingen GER"]
[Date "2021.08.25"]
[Round "4"]
[White "Bui, Bao Anh Le"]
[Black "Laux, Dominik"]
[Result "1/2-1/2"]
[Termination "normal"]
[Board "8"]
[WhiteElo "2179"]
[BlackElo "2085"]
[WhiteClock "00:06:00"]
[BlackClock "00:20:52"]
[PlyCount "51"]
[WhiteFideId "12970719"]
[BlackFideId "12994219"]
[EventCountry "GER"]
[EventRounds "9"]
[EventType "swiss"]
[EventDate "2021.08.22"]

1. e4 {[%clk 1:30:28]} c5 {[%clk 1:30:37]} 2. Nc3 {[%clk 1:30:19]} Nc6 {[%clk
1:29:57]} 3. Nge2 {[%clk 1:30:34]} e5 {[%clk 1:28:39]} 4. Nd5 {[%clk 1:30:57]}
d6 {[%clk 1:26:37]} 5. d3 {[%clk 1:30:20]} Be6 {[%clk 1:23:50]} 6. Nec3 {[%clk
1:29:40]} f5 {[%clk 1:20:06]} 7. g3 {[%clk 1:27:27]} g6 {[%clk 1:16:58]} 8. Bg2
{[%clk 1:27:19]} Bg7 {[%clk 1:17:02]} 9. O-O {[%clk 1:27:12]} Nf6 {[%clk
1:15:38]} 10. Bg5 {[%clk 1:22:28]} O-O {[%clk 1:14:13]} 11. Qd2 {[%clk
1:17:48]} Qd7 {[%clk 1:10:03]} 12. Bxf6 {[%clk 1:11:22]} Bxf6 {[%clk 1:10:10]}
13. f4 {[%clk 1:11:25]} Bg7 {[%clk 1:04:43]} 14. a4 {[%clk 0:59:32]} Nd4 {[%clk
1:01:10]} 15. Kh1 {[%clk 0:43:38]} Rae8 {[%clk 0:58:02]} 16. a5 {[%clk
0:34:47]} Bh6 {[%clk 0:52:36]} 17. Rae1 {[%clk 0:32:34]} Kh8 {[%clk 0:44:59]}
18. Qd1 {[%clk 0:25:26]} fxe4 {[%clk 0:38:30]} 19. dxe4 {[%clk 0:19:49]} exf4
20. gxf4 {[%clk 0:17:05]} Qd8 {[%clk 0:32:41]} 21. b4 {[%clk 0:08:07]} Qh4
{[%clk 0:28:11]} 22. Qd2 {[%clk 0:07:03]} Bxd5 {[%clk 0:24:33]} 23. Nxd5 {[%clk
0:07:23]} Ne6 {[%clk 0:24:44]} 24. Qc3+ {[%clk 0:06:18]} Bg7 {[%clk 0:22:03]}
25. Qg3 {[%clk 0:05:58]} Qd8 {[%clk 0:20:52]} 26. c3 {[%clk 0:06:00]} 1/2-1/2

[Event "DEM U16 2021"]
[Site "Willingen GER"]
[Date "2021.08.25"]
[Round "4"]
[White "Arakelian, Aik"]
[Black "Lutz, Ruben"]
[Result "1/2-1/2"]
[Termination "normal"]
[Board "9"]
[WhiteElo "2052"]
[BlackElo "2108"]
[WhiteClock "00:19:20"]
[BlackClock "00:10:08"]
[PlyCount "53"]
[WhiteFideId "16220340"]
[BlackFideId "12975974"]
[EventCountry "GER"]
[EventRounds "9"]
[EventType "swiss"]
[EventDate "2021.08.22"]

1. e4 {[%clk 1:30:29]} c6 {[%clk 1:30:53]} 2. d4 {[%clk 1:29:58]} d5 {[%clk
1:31:14]} 3. exd5 {[%clk 1:28:15]} cxd5 {[%clk 1:31:37]} 4. c4 {[%clk 1:28:39]}
Nf6 {[%clk 1:31:55]} 5. Nc3 {[%clk 1:28:19]} Nc6 {[%clk 1:32:12]} 6. Nf3 {[%clk
1:26:44]} Be6 {[%clk 1:30:48]} 7. c5 {[%clk 1:23:02]} g6 {[%clk 1:29:14]} 8.
Be2 {[%clk 1:14:37]} Bg7 {[%clk 1:28:53]} 9. O-O {[%clk 1:14:08]} O-O {[%clk
1:28:22]} 10. a3 {[%clk 1:13:13]} Ne4 {[%clk 1:24:23]} 11. Be3 {[%clk 1:05:27]}
Nxc3 {[%clk 1:18:05]} 12. bxc3 {[%clk 1:05:54]} b6 {[%clk 1:18:10]} 13. Qc1
{[%clk 0:59:02]} Na5 {[%clk 1:13:42]} 14. Rb1 {[%clk 0:57:21]} Bf5 {[%clk
1:10:33]} 15. Rb2 {[%clk 0:56:29]} Nc4 {[%clk 0:57:22]} 16. Bxc4 {[%clk
0:55:30]} dxc4 {[%clk 0:57:48]} 17. cxb6 {[%clk 0:54:33]} axb6 {[%clk 0:58:13]}
18. Bh6 {[%clk 0:51:50]} Qc7 {[%clk 0:51:07]} 19. Bxg7 {[%clk 0:47:26]} Kxg7
{[%clk 0:51:33]} 20. Rb4 {[%clk 0:47:48]} Ra5 {[%clk 0:37:17]} 21. Qb2 {[%clk
0:43:04]} Be4 {[%clk 0:29:27]} 22. Nd2 {[%clk 0:29:32]} Rh5 {[%clk 0:21:25]}
23. f4 {[%clk 0:28:35]} Bd3 {[%clk 0:20:08]} 24. Rf3 {[%clk 0:25:54]} Rb8
{[%clk 0:19:18]} 25. a4 {[%clk 0:24:03]} Qc6 {[%clk 0:14:56]} 26. Re3 {[%clk
0:22:52]} Rb7 {[%clk 0:10:08]} 27. Nf3 {[%clk 0:19:20]} 1/2-1/2

[Event "DEM U16 2021"]
[Site "Willingen GER"]
[Date "2021.08.25"]
[Round "4"]
[White "Bornholdt, Joa Max"]
[Black "Haufe, Laurin"]
[Result "0-1"]
[Termination "normal"]
[Board "10"]
[WhiteElo "1993"]
[BlackElo "2013"]
[WhiteClock "00:30:48"]
[BlackClock "00:29:52"]
[PlyCount "100"]
[WhiteFideId "16253477"]
[BlackFideId "12976504"]
[EventCountry "GER"]
[EventRounds "9"]
[EventType "swiss"]
[EventDate "2021.08.22"]

1. e4 {[%clk 1:30:53]} c6 {[%clk 1:30:55]} 2. d4 {[%clk 1:28:17]} d5 {[%clk
1:31:20]} 3. exd5 {[%clk 1:26:08]} cxd5 {[%clk 1:31:36]} 4. c4 {[%clk 1:26:35]}
Nf6 {[%clk 1:31:59]} 5. Nf3 {[%clk 1:27:01]} e6 {[%clk 1:32:21]} 6. Nc3 {[%clk
1:27:20]} Nc6 {[%clk 1:32:44]} 7. Bd3 {[%clk 1:27:12]} dxc4 {[%clk 1:31:56]} 8.
Bxc4 {[%clk 1:27:11]} Be7 {[%clk 1:31:33]} 9. O-O {[%clk 1:27:35]} O-O {[%clk
1:31:48]} 10. Re1 {[%clk 1:27:47]} b6 {[%clk 1:31:23]} 11. a3 {[%clk 1:27:17]}
Bb7 {[%clk 1:31:27]} 12. Qd3 {[%clk 1:25:50]} Rc8 {[%clk 1:30:16]} 13. Bb3
{[%clk 1:25:05]} Qd7 {[%clk 1:27:00]} 14. Bc2 {[%clk 1:21:48]} Rfd8 {[%clk
1:24:08]} 15. Bg5 {[%clk 1:20:14]} Nxd4 {[%clk 1:06:34]} 16. Nxd4 {[%clk
1:16:12]} Qxd4 {[%clk 1:06:00]} 17. Qh3 {[%clk 1:16:37]} h6 {[%clk 1:03:34]}
18. Bxf6 {[%clk 0:58:59]} Qxf6 {[%clk 0:56:28]} 19. Rad1 {[%clk 0:56:53]} Qh4
{[%clk 0:54:23]} 20. Qe3 {[%clk 0:51:40]} Bc5 {[%clk 0:51:16]} 21. Qe2 {[%clk
0:52:04]} Rxd1 {[%clk 0:46:01]} 22. Rxd1 {[%clk 0:50:37]} Rd8 {[%clk 0:46:02]}
23. Rxd8+ {[%clk 0:50:48]} Qxd8 {[%clk 0:46:22]} 24. Qd3 {[%clk 0:50:13]} Qxd3
{[%clk 0:45:55]} 25. Bxd3 {[%clk 0:50:36]} Kf8 {[%clk 0:45:43]} 26. b4 {[%clk
0:49:51]} Bd4 {[%clk 0:42:31]} 27. Nb5 {[%clk 0:48:09]} Bb2 {[%clk 0:42:44]}
28. a4 {[%clk 0:46:06]} Bc6 {[%clk 0:39:10]} 29. Bc2 {[%clk 0:39:47]} a6 {[%clk
0:36:13]} 30. Nc7 {[%clk 0:36:21]} a5 {[%clk 0:33:13]} 31. b5 {[%clk 0:35:07]}
Bb7 {[%clk 0:33:21]} 32. f3 {[%clk 0:34:54]} Be5 {[%clk 0:33:28]} 33. Na6
{[%clk 0:35:10]} Ke7 {[%clk 0:33:34]} 34. Kf2 {[%clk 0:34:16]} Bd6 {[%clk
0:33:34]} 35. h3 {[%clk 0:34:05]} Bd5 {[%clk 0:33:11]} 36. Ke3 {[%clk 0:33:49]}
Bc4 {[%clk 0:33:17]} 37. f4 {[%clk 0:30:46]} g5 {[%clk 0:32:33]} 38. g3 {[%clk
0:30:28]} f5 {[%clk 0:28:41]} 39. Bd1 {[%clk 0:29:10]} Kf6 {[%clk 0:28:50]} 40.
Bc2 {[%clk 0:28:24]} gxf4+ {[%clk 0:28:26]} 41. gxf4 {[%clk 0:28:47]} e5 {[%clk
0:28:46]} 42. fxe5+ {[%clk 0:28:57]} Kxe5 {[%clk 0:28:16]} 43. Bd1 {[%clk
0:28:39]} f4+ {[%clk 0:28:34]} 44. Kf3 {[%clk 0:29:04]} Bd5+ {[%clk 0:28:29]}
45. Kg4 {[%clk 0:29:19]} f3 {[%clk 0:28:44]} 46. Kg3 {[%clk 0:29:19]} Ke4+
{[%clk 0:28:59]} 47. Kf2 {[%clk 0:29:43]} Kf4 {[%clk 0:29:03]} 48. Kg1 {[%clk
0:30:05]} Kg3 {[%clk 0:29:26]} 49. Kh1 {[%clk 0:30:22]} f2+ {[%clk 0:29:52]}
50. Bf3 {[%clk 0:30:48]} Bxf3# 0-1